[Event "26. Off. Wuerttembergische Seniorenmst."]
[Site "Freudenstadt"]
[Date "2014.07.23"]
[Round "8.9"]
[White "Hinz, Ekkehard"]
[Black "Pfitzer, Norbert"]
[Result "0-1"]
[WhiteElo "1810"]
[BlackElo "1928"]
[Annotator "König,Dirk"]
[PlyCount "50"]
[EventDate "2014.??.??"]
[WhiteTeam "SK Großsachsen"]
[BlackTeam "SV Aalen-Ellwangen e.V."]

1. Nf3 Nf6 2. c4 g6 3. Nc3 Bg7 4. d4 O-O 5. e4 d6 6. h3 c5 7. d5 e5 8. Be3 h6
9. Qd2 Kh7 10. g4 Ng8 11. Bd3 a6 12. g5 h5 13. Nh4 Re8 14. Ne2 f6 15. Ng3 fxg5
16. Bxg5 Bh6 17. f4 Bxg5 18. fxg5 Rf8 19. Ke2 Rf4 20. Ng2 Qxg5 21. Nxf4 exf4
22. Rag1 Nd7 23. Ke1 Ne5 24. Be2 Qh4 25. Qc3 Nf6 {0-1 (25) Hinz-Pfitzer} 0-1

[Event "26. Off. Wuerttembergische Seniorenmst."]
[Site "Freudenstadt"]
[Date "2014.07.23"]
[Round "8.10"]
[White "Braeunlin, Klaus"]
[Black "Zschorsch, Peter"]
[Result "1/2-1/2"]
[WhiteElo "2063"]
[BlackElo "1762"]
[Annotator "König,Dirk"]
[PlyCount "53"]
[EventDate "2014.??.??"]
[WhiteTeam "TG Biberach"]
[BlackTeam "Karlsruher SF 1853"]

1. e4 e5 2. Nf3 Nc6 3. Bc4 Bc5 4. b4 Bxb4 5. c3 Bc5 6. d4 exd4 7. O-O Be7 8.
cxd4 d6 9. h3 Na5 10. Qa4+ c6 11. Bd3 b5 12. Qc2 Bd7 13. e5 d5 14. Bxh7 Be6 15.
Bxg8 Rxg8 16. Qh7 Kd7 17. Qd3 Nc4 18. Nbd2 Rh8 19. Nh2 g6 20. Qc3 Qa5 21. Qd3
Bf5 22. Qe2 Qc3 23. Nb3 Qd3 24. Qf3 a5 25. Bg5 Qxf3 26. Nxf3 a4 27. Nc5+ {
Braeunin-Zschorsch} 1/2-1/2

[Event "26. Off. Wuerttembergische Seniorenmst."]
[Site "Freudenstadt"]
[Date "2014.07.23"]
[Round "8.11"]
[White "Macher, Claus"]
[Black "Lang, Ferdinand"]
[Result "0-1"]
[WhiteElo "1839"]
[BlackElo "2051"]
[Annotator "König,Dirk"]
[PlyCount "56"]
[EventDate "2014.??.??"]
[WhiteTeam "SF Ammerbuch"]
[BlackTeam "TSV Willsbach"]

1. d4 Nf6 2. c4 c5 3. d5 b5 4. cxb5 a6 5. bxa6 Bxa6 6. Nc3 d6 7. g3 g6 8. Bg2
Bg7 9. Nf3 O-O 10. O-O Nbd7 11. Rb1 Qa5 12. Qc2 Rfb8 13. Re1 Nb6 14. e4 Nfd7
15. Bg5 Nc4 16. Bd2 Nce5 17. Re3 Nc4 18. Ree1 Nxd2 19. Qxd2 Rxb2 20. Qxb2 Bxc3
21. Qc1 Bxe1 22. Qxe1 Qxe1+ 23. Rxe1 Bc4 24. Rc1 Bxa2 25. Ra1 Ra4 26. Bf1 Bb3
27. Rxa4 Bxa4 28. Bc4 Kg7 {0-1 (28) Macher-Lang} 0-1

[Event "26. Off. Wuerttembergische Seniorenmst."]
[Site "Freudenstadt"]
[Date "2014.07.23"]
[Round "8.12"]
[White "Schmieder, Siegfried"]
[Black "Kromer, Thomas"]
[Result "1-0"]
[WhiteElo "1962"]
[BlackElo "1745"]
[Annotator "König,Dirk"]
[PlyCount "65"]
[EventDate "2014.??.??"]
[WhiteTeam "SG Schwäbisch Gmünd 1872 e.V"]
[BlackTeam "SF Riedlingen"]

1. e4 e5 2. f4 exf4 3. Nf3 d6 4. d4 g5 5. h4 Be7 6. Nc3 g4 7. Bxf4 gxf3 8. Qxf3
Bxh4+ 9. g3 Bg5 10. Bc4 Be6 11. Bxe6 Bxf4 12. Bb3 Bxg3+ 13. Qxg3 Kf8 14. O-O-O
Ne7 15. Rdf1 d5 16. Qe5 Ng6 17. Rxf7+ Kxf7 18. Bxd5+ Qxd5 19. Qxd5+ Kg7 20.
Qxb7 Nd7 21. Qxc7 Rhd8 22. Qh2 Ndf8 23. d5 Re8 24. Qf2 Nd7 25. Qe3 Re7 26. Ne2
Nf6 27. Ng3 Kg8 28. Qd4 Re5 29. Rh6 Ng4 30. Rh5 Rf8 31. Rxe5 N6xe5 32. Nf5 Rf7
33. Nh6+ {1-0 (33) Schmieder-Kromer} 1-0

[Event "26. Off. Wuerttembergische Seniorenmst."]
[Site "Freudenstadt"]
[Date "2014.07.23"]
[Round "8.13"]
[White "Krieg, Karl"]
[Black "Prill, Gerhard"]
[Result "0-1"]
[WhiteElo "1702"]
[BlackElo "1955"]
[Annotator "König,Dirk"]
[PlyCount "62"]
[EventDate "2014.??.??"]
[WhiteTeam "SG Schwäbisch Gmünd 1872 e.V"]
[BlackTeam "SC Heitersheim"]

1. d4 Nf6 2. c4 e6 3. Nc3 Bb4 4. e3 b6 5. Bd3 Bb7 6. f3 Nh5 7. Qe2 d5 8. cxd5
exd5 9. a3 Bxc3+ 10. bxc3 O-O 11. Qf2 Ba6 12. Bxa6 Nxa6 13. g4 Nf6 14. h4 c5
15. Ne2 Ne8 16. Nf4 Nac7 17. O-O Ne6 18. Nh3 Nd6 19. Nf4 Nc7 20. Ra2 Re8 21.
Qg3 Ne4 22. Re1 Nb5 23. dxc5 Nbxc3 24. Rc2 d4 25. Nd3 bxc5 26. Nxc5 Qd5 27. Na6
Qa5 28. Nc7 d3 29. Rxc3 Qxc3 30. Nxe8 Rxe8 31. Qc7 Qxe1+ {0-1 (31) Krieg-Prill}
0-1

[Event "26. Off. Wuerttembergische Seniorenmst."]
[Site "Freudenstadt"]
[Date "2014.07.23"]
[Round "8.14"]
[White "Reinhold, Klaus"]
[Black "Stadler, Lothar"]
[Result "1-0"]
[WhiteElo "1938"]
[BlackElo "1699"]
[Annotator "König,Dirk"]
[PlyCount "43"]
[EventDate "2014.??.??"]
[WhiteTeam "SC Gronau 1920 e.V."]
[BlackTeam "SAbt SV Weiss-BL.Allianz"]

1. d4 Nf6 2. c4 e6 3. Nf3 b6 4. g3 d5 5. Bg2 Bb4+ 6. Nbd2 Bb7 7. Qa4+ Nc6 8.
Ne5 O-O 9. Nxc6 Bxd2+ 10. Bxd2 Qd7 11. cxd5 exd5 12. Rc1 Rfe8 13. Qc2 Rxe2+ 14.
Kxe2 Ba6+ 15. Kd1 Ng4 16. Bf4 Bd3 17. Qd2 Re8 18. Re1 f6 19. Rxe8+ Qxe8 20. h3
Be4 21. Bxe4 Qxe4 22. hxg4 {1-0 (22) Reinhold,D-Lothar,S} 1-0

[Event "26. Off. Wuerttembergische Seniorenmst."]
[Site "Freudenstadt"]
[Date "2014.07.23"]
[Round "8.15"]
[White "Duijker, Bert"]
[Black "Philippin, Otto"]
[Result "1-0"]
[WhiteElo "1893"]
[BlackElo "1718"]
[Annotator "König,Dirk"]
[PlyCount "49"]
[EventDate "2014.??.??"]
[BlackTeam "SVG Vaihingen/Enz"]

1. Nf3 Nf6 2. c4 d6 3. d4 Nbd7 4. Nc3 c6 5. g3 Qc7 6. Bg2 e5 7. e4 Be7 8. O-O
O-O 9. h3 Re8 10. Be3 Bf8 11. Qc2 g6 12. Rad1 Bg7 13. c5 dxc5 14. dxc5 Bf8 15.
b4 b5 16. Nd2 Rb8 17. Nb3 Nh5 18. Na5 Be7 19. Ne2 Nf8 20. f4 f6 21. g4 Ng7 22.
g5 fxg5 23. fxg5 Nh5 24. Qc3 Be6 25. Rxf8+ {1-0 (25) Duijker,B-Philippin,O} 1-0

[Event "26. Off. Wuerttembergische Seniorenmst."]
[Site "Freudenstadt"]
[Date "2014.07.23"]
[Round "8.16"]
[White "Mertens, Gottfried"]
[Black "Foltas, Hermann"]
[Result "1/2-1/2"]
[WhiteElo "1669"]
[BlackElo "1884"]
[Annotator "König,Dirk"]
[PlyCount "41"]
[EventDate "2014.??.??"]
[WhiteTeam "SK Weinheim 1911 e.V."]
[BlackTeam "SK Siemens München"]

1. b4 e6 2. a3 d5 3. Bb2 Nf6 4. Nf3 a6 5. e3 c5 6. c4 dxc4 7. Bxc4 b5 8. Be2
Bb7 9. bxc5 Bxc5 10. O-O Nbd7 11. d4 Be7 12. Nbd2 O-O 13. Rc1 Qb6 14. Bd3 b4
15. Nc4 Qa7 16. Qe2 bxa3 17. Bxa3 Bxa3 18. Nxa3 Be4 19. Nc4 Rab8 20. h3 Qa8 21.
Bxe4 {1/2-1/2 (21) Merteus-Foltas} 1/2-1/2

[Event "26. Off. Wuerttembergische Seniorenmst."]
[Site "Freudenstadt"]
[Date "2014.07.23"]
[Round "8.17"]
[White "Foehl, Frithjof"]
[Black "Just, Joachim"]
[Result "1/2-1/2"]
[WhiteElo "1666"]
[BlackElo "1878"]
[Annotator "König,Dirk"]
[PlyCount "56"]
[EventDate "2014.??.??"]
[WhiteTeam "SV Oberkochen"]
[BlackTeam "SV Motor Zeitz"]

1. e4 e6 2. d4 d5 3. e5 Qd7 4. Nf3 b6 5. Be2 Ba6 6. O-O Bxe2 7. Qxe2 Ne7 8. h3
h5 9. Rd1 a6 10. c4 dxc4 11. Qxc4 Nd5 12. Nc3 c6 13. Bg5 b5 14. Qe2 Nxc3 15.
bxc3 Be7 16. Qe3 Qd8 17. Rac1 Nd7 18. Bxe7 Qxe7 19. Ng5 Nb6 20. Qf3 Rc8 21. Ne4
Nc4 22. Qg3 Kf8 23. Rd3 Rh6 24. Rf3 Kg8 25. Nf6+ Kh8 26. Qg5 Rg6 27. Qxh5+ Rh6
28. Qg5 Rg6 {1/2-1/2 (28) Foehl-Just} 1/2-1/2

[Event "26. Off. Wuerttembergische Seniorenmst."]
[Site "Freudenstadt"]
[Date "2014.07.23"]
[Round "8.18"]
[White "Blosze, Winfried"]
[Black "Juergens, Peter"]
[Result "1/2-1/2"]
[WhiteElo "1611"]
[BlackElo "1871"]
[Annotator "König,Dirk"]
[PlyCount "37"]
[EventDate "2014.??.??"]
[WhiteTeam "SV Königsspringer 1929 Großauhei"]
[BlackTeam "SC Tempo Göttingen"]

1. e4 e6 2. d4 d5 3. exd5 exd5 4. Bd3 Nc6 5. Ne2 Bg4 6. f3 Bh5 7. Bf4 Bd6 8.
Qd2 Nge7 9. Nbc3 Qd7 10. g4 Bg6 11. O-O O-O-O 12. h4 Bxd3 13. Qxd3 Bxf4 14.
Nxf4 g6 15. Rae1 Rhe8 16. Nce2 Nb8 17. Qa3 a6 18. Nd3 Qd6 19. Qxd6 {
1/2-1/2 (19) Blosze-Juergens} 1/2-1/2

[Event "26. Off. Wuerttembergische Seniorenmst."]
[Site "Freudenstadt"]
[Date "2014.07.23"]
[Round "8.19"]
[White "Reimann, Guenther"]
[Black "Engbrecht, Helmut"]
[Result "1/2-1/2"]
[WhiteElo "1751"]
[BlackElo "1913"]
[Annotator "König,Dirk"]
[PlyCount "61"]
[EventDate "2014.??.??"]
[WhiteTeam "SC Magstadt"]
[BlackTeam "SV Schorndorf"]

1. c4 Nc6 2. d3 e5 3. Nf3 d5 4. Nbd2 Nf6 5. cxd5 Qxd5 6. g3 Bg4 7. Bg2 Qd8 8.
O-O Bd6 9. Re1 O-O 10. b3 Bb4 11. Bb2 Re8 12. a3 Bxd2 13. Qxd2 Bxf3 14. Bxf3
Nd4 15. Bxd4 exd4 16. Rac1 c6 17. Rc5 Rc8 18. Rec1 Re6 19. b4 b6 20. R5c2 h6
21. Rc4 g5 22. Qc2 b5 23. Rc5 Qe7 24. Rxc6 Rexc6 25. Bxc6 Nd5 26. Qd2 Nc3 27.
Bf3 Nxe2+ 28. Bxe2 Rxc1+ 29. Qxc1 Qxe2 30. Qc8+ Kg7 31. Qf5 {
1/2-1/2 (31) Reimann,G-Engbrecht,H} 1/2-1/2

[Event "26. Off. Wuerttembergische Seniorenmst."]
[Site "Freudenstadt"]
[Date "2014.07.23"]
[Round "8.20"]
[White "Blutharsch, Walter"]
[Black "Schmidt, Eugen"]
[Result "0-1"]
[WhiteElo "1726"]
[BlackElo "1835"]
[Annotator "König,Dirk"]
[PlyCount "170"]
[EventDate "2014.??.??"]
[WhiteTeam "VfL Sindelfingen"]
[BlackTeam "SF Oos e.V."]

1. e4 g6 2. d4 Bg7 3. Nf3 d6 4. Be3 Nf6 5. Bd3 O-O 6. O-O Nbd7 7. Qc1 Ng4 8.
Bf4 e5 9. dxe5 dxe5 10. Bd2 Re8 11. Nc3 c6 12. h3 Ngf6 13. Be3 Qc7 14. a4 a5
15. Ng5 h6 16. Nf3 Kh7 17. Nh2 Nh5 18. Ne2 g5 19. g3 Ndf6 20. Kg2 Qd7 21. Ng1
g4 22. hxg4 Nxg4 23. Nxg4 Qxg4 24. Qe1 Nf4+ 25. Bxf4 exf4 26. f3 Qxg3+ 27. Qxg3
fxg3 28. Rab1 Kh8 29. Kxg3 Rg8 30. Kh2 f5 31. Ne2 Rf8 32. b3 Bd7 33. Rbd1 Rae8
34. Ng3 Be5 35. Kg2 f4 36. Ne2 Be6 37. Rh1 Rf6 38. Rh5 Rg8+ 39. Kf2 Bc7 40. Rg1
Bb6+ 41. Kf1 Bxg1 42. Nxg1 Rg5 43. Rh2 h5 44. Ne2 Kg7 45. Rh4 Kh6 46. Rxf4 Rxf4
47. Nxf4 Bd7 48. Kf2 h4 49. Bf1 Rg3 50. Ne2 Rg7 51. Nf4 Kg5 52. Ke3 Rf7 53.
Nh3+ Bxh3 54. Bxh3 Rh7 55. Bg4 Rf7 56. Be6 Rf6 57. Bh3 Rf8 58. Be6 Rf6 59. Bh3
Rf8 60. Be6 Kf6 61. Bh3 Ke5 62. Bd7 Rf7 63. Bh3 b5 64. axb5 cxb5 65. Bf1 b4 66.
Bh3 Rc7 67. f4+ Kf6 68. e5+ Ke7 69. Ke4 Rxc2 70. f5 Rc3 71. f6+ Kf7 72. Bf5 h3
73. Kd5 h2 74. Be4 Re3 75. Bg2 Re1 76. Kd6 h1=Q 77. Bd5+ Qxd5+ 78. Kxd5 Rd1+
79. Kc4 Ke6 80. Kb5 Rd5+ 81. Ka4 Rxe5 82. f7 Rf5 83. f8=Q Rxf8 84. Kxa5 Rb8 85.
Ka6 Kd5 {0-1 (85) Blutharsch-Schmidt} 0-1

[Event "26. Off. Wuerttembergische Seniorenmst."]
[Site "Freudenstadt"]
[Date "2014.07.23"]
[Round "8.21"]
[White "Fassmann, Kurt"]
[Black "Micheel, Peter"]
[Result "1/2-1/2"]
[WhiteElo "1810"]
[BlackElo "1741"]
[Annotator "König,Dirk"]
[PlyCount "50"]
[EventDate "2014.??.??"]
[WhiteTeam "TuS Mehlmeisel"]
[BlackTeam "SSC Graal-Müritz"]

1. d4 Nf6 2. Nf3 d5 3. c4 e6 4. Bg5 Be7 5. e3 O-O 6. Be2 b6 7. Bxf6 Bxf6 8.
cxd5 exd5 9. Nc3 Bb7 10. O-O c5 11. Qd2 cxd4 12. Nxd4 Nd7 13. Rfd1 Ne5 14. Bd3
g6 15. Rac1 Nc4 16. Qc2 Bxd4 17. exd4 Rc8 18. Qb1 Qg5 19. Rc2 a6 20. Bf1 Rfe8
21. Qc1 Qxc1 22. Rdxc1 Nd6 23. Ne2 Rxc2 24. Rxc2 Rc8 25. Rxc8+ Nxc8 {
1/2-1/2 (25) Fassmann-Micheel} 1/2-1/2

[Event "26. Off. Wuerttembergische Seniorenmst."]
[Site "Freudenstadt"]
[Date "2014.07.23"]
[Round "8.22"]
[White "Grasmeyer, Klaus-Peter"]
[Black "Slager, Anton"]
[Result "1-0"]
[WhiteElo "1623"]
[BlackElo "1800"]
[Annotator "König,Dirk"]
[PlyCount "73"]
[EventDate "2014.??.??"]
[WhiteTeam "SC Villingen"]
[BlackTeam "SK Randbauer Griesheim"]

1. d4 d5 2. Nf3 Nf6 3. e3 e6 4. a3 a6 5. c4 Nc6 6. b3 Be7 7. Be2 O-O 8. Nc3 h6
9. O-O Ne4 10. Nxe4 dxe4 11. Nd2 f5 12. f3 Bg5 13. Nb1 Bf6 14. Ra2 exf3 15.
Bxf3 Ne7 16. Rd2 c6 17. Nc3 Qc7 18. Qc2 Bd7 19. Rfd1 Rac8 20. Rd3 Be8 21. Qd2
Bf7 22. Bb2 Rfd8 23. d5 Bxc3 24. Qxc3 e5 25. d6 Rxd6 26. Rxd6 Ng6 27. Bh5 Nf8
28. Bxf7+ Qxf7 29. Qxe5 Re8 30. Qd4 Re4 31. Qc3 Qe7 32. R6d3 h5 33. Rf1 f4 34.
Rxf4 Rxf4 35. exf4 Ne6 36. Re3 Qc5 37. b4 {1-0 (37) Grasmeyer,K-Slager,A} 1-0

[Event "26. Off. Wuerttembergische Seniorenmst."]
[Site "Freudenstadt"]
[Date "2014.07.23"]
[Round "8.24"]
[White "Just, Gabriele"]
[Black "Abel, Hans-Peter"]
[Result "1-0"]
[WhiteElo "1761"]
[BlackElo "1709"]
[Annotator "König,Dirk"]
[PlyCount "83"]
[EventDate "2014.??.??"]
[WhiteTeam "SG Leipzig"]
[BlackTeam "SC Leinfelden"]

1. d4 d5 2. Nf3 Nf6 3. Bg5 e6 4. Nbd2 Be7 5. e3 b6 6. c3 Bb7 7. Ne5 O-O 8. Bd3
Nbd7 9. Qf3 c5 10. a4 a6 11. O-O h6 12. Bf4 Nxe5 13. Bxe5 Nd7 14. Qh3 Nxe5 15.
dxe5 d4 16. exd4 cxd4 17. c4 Rc8 18. f4 Bb4 19. Nf3 Qd7 20. f5 Bxf3 21. Rxf3
Bd2 22. Qg4 Rc5 23. Qe4 exf5 24. Rxf5 g6 25. Rf6 Be3+ 26. Kh1 Re8 27. Rxb6
Rcxe5 28. Qf3 a5 29. Rf1 R5e7 30. Rb5 Bd2 31. Qd1 Bb4 32. Rd5 Qa7 33. h4 Re1
34. Qg4 Rxf1+ 35. Bxf1 Re1 36. Qf3 Re3 37. Qg4 Rb3 38. Rb5 Qe7 39. Rb8+ Kh7 40.
Qxd4 f6 41. Qd5 Qg7 (41... Qf8 42. Qd7+ Kg8 43. Qe6+ Kh8 44. Rxf8+) 42. Rb7 {
1-0 (42) Just,D-Abel,H} 1-0

[Event "26. Off. Wuerttembergische Seniorenmst."]
[Site "Freudenstadt"]
[Date "2014.07.23"]
[Round "8.25"]
[White "Hoffmann, Peter"]
[Black "Woisetschlaeger, Adolf"]
[Result "1-0"]
[WhiteElo "1521"]
[BlackElo "1778"]
[Annotator "König,Dirk"]
[PlyCount "131"]
[EventDate "2014.??.??"]
[WhiteTeam "SC Ostfildern 1952 e.V."]
[BlackTeam "SC Schwarz-Weiß Zell"]

1. d4 Nf6 2. c4 e6 3. Nc3 d5 4. e3 Be7 5. Qc2 O-O 6. a3 a5 7. b3 b6 8. Nf3 Bb7
9. Be2 Nbd7 10. cxd5 Nxd5 11. Nxd5 exd5 12. Bb2 Rc8 13. Rc1 c5 14. Qb1 Bf6 15.
O-O Qe7 16. Rfe1 cxd4 17. Bd3 Rxc1 18. Bxc1 Ne5 19. Nxe5 Qxe5 20. Bb2 Qh5 21.
Bxd4 Bd8 22. b4 Bc7 23. h3 Rb8 24. Qb2 Qh6 25. b5 Re8 26. Rc1 Bd8 27. Bf5 f6
28. Bc8 Ba8 29. Ba6 Qg6 30. Rc8 Be7 31. Rxe8+ Qxe8 32. Bxb6 Bd8 33. Bxd8 Qxd8
34. Qc3 Kf7 35. Qc8 Ke8 36. Qe6+ Kf8 37. b6 Qb8 38. Bb5 Bb7 39. Bc6 Bxc6 40.
Qxc6 Ke7 41. b7 Kd8 42. Qxd5+ Kc7 43. Qf7+ Kb6 44. Qxg7 Qxb7 45. Qxf6+ Kb5 46.
Qd4 Qc7 47. a4+ Ka6 48. Qd3+ Ka7 49. Qb5 Qc1+ 50. Kh2 Qc7+ 51. g3 Qc2 52. Qxa5+
Kb7 53. Qd5+ Ka7 54. Qd4+ Ka6 55. e4 h5 56. e5 h4 57. g4 Qe2 58. Qe3 Qa2 59.
Qf4 Ka5 60. g5 Qe6 61. Qxh4 Qxe5+ 62. Qg3 Qd4 63. g6 Kxa4 64. h4 Qg4 65. Qxg4+
Kb5 66. Qf5+ {1-0 (66) Hoffmann-Woisetschlaeger [sio,alex]} (66. f4) 1-0

[Event "26. Off. Wuerttembergische Seniorenmst."]
[Site "Freudenstadt"]
[Date "2014.07.23"]
[Round "8.26"]
[White "Abegg, Beat"]
[Black "Goldinger, Josef"]
[Result "1-0"]
[WhiteElo "1910"]
[BlackElo "1590"]
[Annotator "König,Dirk"]
[PlyCount "83"]
[EventDate "2014.??.??"]
[BlackTeam "SV Rottweil"]

1. d4 f5 2. g3 Nf6 3. Nf3 e6 4. Bg2 Be7 5. O-O O-O 6. c4 c6 7. Nbd2 d5 8. Ne5
Nbd7 9. Nd3 Ne4 10. Qc2 Nb6 11. c5 Nxd2 12. Bxd2 Nd7 13. Bf4 g5 14. Be5 Nxe5
15. Nxe5 Bf6 16. e3 Bxe5 17. dxe5 Bd7 18. b4 b6 19. f4 g4 20. Kf2 b5 21. Rh1 h5
22. h3 Rf7 23. hxg4 hxg4 24. Rh4 Rh7 25. Rah1 Rxh4 26. Rxh4 Be8 27. Qd1 Qe7 28.
Qh1 Qg7 29. Qe1 Qc7 30. e4 a5 31. exf5 exf5 32. a3 axb4 33. axb4 Ra2+ 34. Kg1
Qa7 35. Kh2 Ra1 36. Qd2 Qa2 37. Qc3 Qb1 38. Qe3 Qxb4 39. e6 Qe1 40. Qd4 Qg1+
41. Qxg1 Rxg1 42. Kxg1 {1-0 (42) Abegg,B-Goldinger} 1-0

[Event "26. Off. Wuerttembergische Seniorenmst."]
[Site "Freudenstadt"]
[Date "2014.07.23"]
[Round "8.27"]
[White "Sukatsch, Manfred"]
[Black "Schuler, Georg"]
[Result "0-1"]
[WhiteElo "1765"]
[BlackElo "1670"]
[Annotator "König,Dirk"]
[PlyCount "92"]
[EventDate "2014.??.??"]
[WhiteTeam "SC Böblingen 1975 e.V."]
[BlackTeam "SV Balingen"]

1. c4 e6 2. e4 c5 3. b3 Nc6 4. Nc3 g6 5. Bb2 Bg7 6. Nf3 a6 7. Rb1 Nge7 8. Be2
O-O 9. O-O d5 10. exd5 exd5 11. Na4 b6 12. Bxg7 Kxg7 13. d3 d4 14. Ne1 Rb8 15.
Nc2 a5 16. a3 Qd6 17. Qd2 Bd7 18. Bf3 Ne5 19. Bd1 b5 20. Nb2 a4 21. bxa4 bxa4
22. f4 Ng4 23. h3 Nh6 24. g4 Rb3 25. Rf2 Rfb8 26. Qc1 Qb6 27. Ne1 Rxa3 28. Bc2
Rc3 29. f5 Nhg8 30. fxg6 Nxg6 31. Nf3 a3 32. Ng5 f6 33. Ne4 axb2 34. Qf1 Ra3
35. g5 f5 36. Ng3 N8e7 37. Nh5+ Kh8 38. Nf6 Qd6 39. Nxd7 Qxd7 40. Qe1 Ra6 41.
Re2 f4 42. Rf2 Nf5 43. Rh2 Re6 44. Qd1 Re3 45. Qh5 Rg3+ 46. Rg2 Rxg2+ {
0-1 (46) Sukatsch-Schuler} 0-1

[Event "26. Off. Wuerttembergische Seniorenmst."]
[Site "Freudenstadt"]
[Date "2014.07.23"]
[Round "8.29"]
[White "Jaeger, Hans-Ulrich"]
[Black "Fitzke, Ulrich"]
[Result "0-1"]
[WhiteElo "1749"]
[BlackElo "1648"]
[Annotator "König,Dirk"]
[PlyCount "84"]
[EventDate "2014.??.??"]
[WhiteTeam "SC Sillenbuch"]
[BlackTeam "SV Bau-Union e.V."]

1. e4 c5 2. Nf3 Nc6 3. Bb5 Qc7 4. Nc3 Nf6 5. O-O d6 6. d4 cxd4 7. Nxd4 Bd7 8.
Be2 g6 9. Re1 Bg7 10. Be3 a6 11. h3 O-O 12. Qd2 Rac8 13. Nf3 Na5 14. Nd5 Nxd5
15. Qxd5 e6 16. Qg5 Nc4 17. Bd4 Nxb2 18. Bxg7 Kxg7 19. Qe3 Kg8 20. Qh6 Qc3 21.
Rab1 Na4 22. e5 f6 23. Rb3 Qc7 24. exf6 Bc6 25. Nd4 Rxf6 26. Nxc6 Qxc6 27. Bf3
d5 28. Bg4 b5 29. Rbe3 Nc5 30. h4 Rcf8 31. Bf3 Ne4 32. R3e2 Nc3 33. Re5 Ne4 34.
Bg4 Qd6 35. f4 Qb6+ 36. Kh2 Qf2 37. R1xe4 dxe4 38. Rxe4 Rxf4 39. Re2 Qd4 40.
Bxe6+ Kh8 41. Bh3 Qd6 42. Qg5 Re4+ {0-1 (42) Jaeger,H-Fitzke,E} 0-1

[Event "26. Off. Wuerttembergische Seniorenmst."]
[Site "Freudenstadt"]
[Date "2014.07.23"]
[Round "8.30"]
[White "Bartlitz, Heinz"]
[Black "Duerr, Hanno"]
[Result "0-1"]
[WhiteElo "1464"]
[BlackElo "1739"]
[Annotator "König,Dirk"]
[PlyCount "62"]
[EventDate "2014.??.??"]
[WhiteTeam "Bramfelder SK 1947 e.V."]
[BlackTeam "SGem Vaihingen-Rohr"]

1. e4 c5 2. Nf3 Nf6 3. d3 d6 4. g3 Nc6 5. Bg2 e6 6. O-O Be7 7. c3 e5 8. h3 O-O
9. Na3 Rb8 10. Nc2 d5 11. Nd2 dxe4 12. dxe4 Be6 13. Ne3 b5 14. a3 c4 15. Nc2
Qc7 16. Qe2 Rfd8 17. Nf3 Rd3 18. Nfe1 Rbd8 19. Nb4 R3d6 20. Be3 a5 21. Na6 Qc8
22. Nc5 Bxh3 23. f3 Bxg2 24. Nxg2 Nd7 25. Rfd1 Nxc5 26. Rxd6 Bxd6 27. b4 Nd3
28. a4 bxa4 29. Rxa4 axb4 30. cxb4 Ncxb4 31. Ne1 Qh3 {0-1 (31) Bartlitz-Duerr}
0-1

[Event "26. Off. Wuerttembergische Seniorenmst."]
[Site "Freudenstadt"]
[Date "2014.07.23"]
[Round "8.31"]
[White "Kuepferle, Ernst"]
[Black "Mueller, Herbert"]
[Result "1-0"]
[WhiteElo "1715"]
[BlackElo "1583"]
[Annotator "König,Dirk"]
[PlyCount "103"]
[EventDate "2014.??.??"]
[WhiteTeam "SK Kehl"]
[BlackTeam "SK Horb"]

1. e4 {[%emt 0:00:00]} 1... e5 2. Bc4 Nf6 3. Nc3 Be7 4. Nf3 d6 5. d4 exd4 6.
Nxd4 O-O 7. O-O Nbd7 8. f4 Nb6 9. Bd3 c5 10. Nf3 Bg4 11. h3 Bxf3 12. Qxf3 Qc7
13. Be3 a6 14. Rad1 Nbd7 15. Rfe1 b5 16. Bf2 c4 17. Bf1 Rfd8 18. g4 h6 19. h4
Rab8 20. g5 hxg5 21. hxg5 Nh7 22. Nd5 Ne5 23. fxe5 Nxg5 24. Qg4 Qd7 25. Nxe7+
Qxe7 26. Rxd6 Qxe5 27. Rxd8+ Rxd8 28. Rd1 Rxd1 29. Qxd1 Nxe4 30. Qd8+ Kh7 31.
Qh4+ Kg8 32. c3 Qf5 33. Bd4 Qg6+ 34. Bg2 Ng5 35. Kh2 Ne6 36. Be4 Qh6 37. Qxh6
gxh6 38. Bb6 Nf4 39. Bb7 Nd3 40. Bxa6 b4 41. cxb4 Nxb2 42. Bd4 Nd3 43. b5 Nb4
44. a4 f5 45. Bc8 Kf7 46. a5 Nd5 47. a6 c3 48. Bxc3 Nxc3 49. a7 Nxb5 50. a8=Q
Nd6 51. Qd5+ Ke7 52. Bxf5 {1-0 (52) Kuepferle-Mueller [sio,alex]} 1-0

[Event "26. Off. Wuerttembergische Seniorenmst."]
[Site "Freudenstadt"]
[Date "2014.07.23"]
[Round "8.32"]
[White "Schuetze, Manfred"]
[Black "Klein, Peter"]
[Result "1-0"]
[WhiteElo "1615"]
[BlackElo "1569"]
[Annotator "König,Dirk"]
[PlyCount "75"]
[EventDate "2014.??.??"]
[WhiteTeam "SV Blau-Rot Pratau"]
[BlackTeam "SK Horb"]

1. e4 e5 2. Nf3 Nc6 3. Bb5 a6 4. Ba4 Bc5 5. O-O b5 6. Bb3 d6 7. c3 Bg4 8. d3
Nf6 9. Be3 Ba7 10. Bxa7 Rxa7 11. Nbd2 O-O 12. h3 Bh5 13. g4 Nxg4 14. hxg4 Bxg4
15. Qe2 Qf6 16. Qe3 Qg6 17. Qg5 Qxg5 18. Nxg5 h6 19. Ngf3 Kh8 20. Nh2 Be2 21.
Rfe1 Bxd3 22. Re3 Bc4 23. Nxc4 bxc4 24. Bxc4 f5 25. exf5 Rxf5 26. Kg2 Rf4 27.
Bd3 d5 28. Be2 e4 29. Rd1 Ne7 30. Bf1 c6 31. f3 Nf5 32. Ree1 a5 33. fxe4 dxe4
34. Rd8+ Kh7 35. Bc4 e3 36. Bd3 Rf2+ 37. Kg1 g6 38. Rf1 {
1-0 (38) Schuetze, M-Klein,P} 1-0

[Event "26. Off. Wuerttembergische Seniorenmst."]
[Site "Freudenstadt"]
[Date "2014.07.23"]
[Round "8.33"]
[White "Klaus, Eduard"]
[Black "Kunze, Manfred"]
[Result "1-0"]
[WhiteElo "1539"]
[BlackElo "1450"]
[Annotator "König,Dirk"]
[PlyCount "31"]
[EventDate "2014.??.??"]
[WhiteTeam "SC Möhringen 1961"]
[BlackTeam "SV Motor Hainichen 1949"]

1. d4 Nf6 2. c4 c6 3. Nc3 d5 4. e3 e6 5. a3 c5 6. dxc5 Bxc5 7. b4 Be7 8. Bb2
O-O 9. Nf3 dxc4 10. Bxc4 Qc7 11. Be2 Rd8 12. Qb3 a6 13. Rc1 Nc6 14. O-O Bd7 15.
Rfd1 Ne5 16. Nxe5 {Eduard,K-Manfred,K} 1-0

[Event "26. Off. Wuerttembergische Seniorenmst."]
[Site "Freudenstadt"]
[Date "2014.07.23"]
[Round "8.34"]
[White "Buss, Richard"]
[Black "Fiedler, Joachim"]
[Result "0-1"]
[WhiteElo "1390"]
[BlackElo "1467"]
[Annotator "König,Dirk"]
[PlyCount "64"]
[EventDate "2014.??.??"]
[WhiteTeam "VfR Heisfelde e.V."]
[BlackTeam "USV TU Dresden"]

1. e4 d5 2. exd5 Qxd5 3. Nc3 Qa5 4. d3 Nf6 5. Bd2 Qb6 6. Rb1 c6 7. h3 Bf5 8.
Nf3 e6 9. Be3 Qc7 10. Qd2 Bb4 11. a3 Bxc3 12. Qxc3 O-O 13. g4 Bg6 14. Qd2 Rd8
15. Bf4 Qc8 16. Ne5 Nbd7 17. Nxg6 fxg6 18. Bg5 h6 19. Bh4 g5 20. Bg3 Nb6 21.
Bg2 Qd7 22. O-O e5 23. Bxe5 Nc4 24. Qc3 Nxe5 25. Qxe5 Re8 26. Qc3 Re7 27. Rfe1
Rae8 28. Kf1 h5 29. Rxe7 Rxe7 30. Qc4+ Kh8 31. f3 Nd5 32. Kf2 b6 {
0-1 (32) Buess,R-Fiedler,J} 0-1

[Event "26. Off. Wuerttembergische Seniorenmst."]
[Site "Freudenstadt"]
[Date "2014.07.23"]
[Round "8.35"]
[White "Payen, Gerard"]
[Black "Baeuerle, Horst"]
[Result "1/2-1/2"]
[WhiteElo "1665"]
[BlackElo "1506"]
[Annotator "König,Dirk"]
[PlyCount "31"]
[EventDate "2014.??.??"]
[WhiteTeam "Paris"]
[BlackTeam "SK Horb"]

1. e4 c6 2. d4 d5 3. e5 Bf5 4. h4 h6 5. g4 Bh7 6. e6 fxe6 7. Bd3 Bxd3 8. Qxd3
Kd7 9. Bf4 Qb6 10. Nd2 Na6 11. a3 c5 12. c3 cxd4 13. Ne2 Nf6 14. f3 Ne8 15. Be5
Nd6 16. b3 {1/2-1/2 (16) Payen,G-Baeuerle,H} 1/2-1/2